|
|
|
|
| LEADER |
00000nab a2200000 a 4500 |
| 001 |
vtls011106646 |
| 003 |
SK-MaSNL |
| 005 |
20260304025858.0 |
| 008 |
250310|2012 xo |||||||||||||||||slo| |
| 015 |
|
|
|a SNBRB
|
| 035 |
|
|
|a (uuid)f2368d6e-6bb2-4df2-9ea9-8aa655b2f317
|
| 035 |
|
|
|a (urnnbn)urn:nbn:sk:snk:ar-a089fa
|
| 035 |
|
|
|a urn:nbn:sk:snk-ab9cux
|
| 040 |
|
|
|a SNKBUCL
|b slo
|c SNKBUCL
|e AACR2
|
| 041 |
0 |
|
|a slo
|
| 044 |
|
|
|a xo
|c SK
|
| 100 |
1 |
|
|a Rakúsová, Gabriela,
|d 1943-
|4 aut
|9 84087
|
| 245 |
1 |
0 |
|a BÁSEŇ MUSÍ BYŤ BÁSŇOU
|c Gabriela Rakúsová
|
| 773 |
0 |
|
|t Fragment : revue pre literatúru, výtvarné umenie, históriu a kritiku
|g Roč. 26, č. 1 (2012), s. 141-143
|
| 958 |
|
|
|a OND
|
| 958 |
|
|
|a article13
|
| 999 |
|
|
|c 2630321
|d 2632251
|